[Event "Moscow Aeroflot op-A"]
[Site "Moscow"]
[Date "2005.02.23"]
[Round "9"]
[White "Belov, Vladimir"]
[Black "Ehlvest, Jaan"]
[Result "1-0"]
[WhiteElo "2582"]
[BlackElo "2622"]
[Annotator "Ftacnik,L"]
[PlyCount "79"]
[EventDate "2005.02.15"]
[EventType "swiss"]
[EventRounds "9"]
[EventCountry "RUS"]
[SourceTitle "CBM 106"]
[Source "ChessBase"]
[SourceDate "2005.06.06"]
[SourceVersion "1"]
[SourceVersionDate "2005.06.06"]
[SourceQuality "1"]

1. e4 c5 2. Nf3 d6 3. d4 cxd4 4. Nxd4 Nf6 5. Nc3 a6 6. f3 e6 7. Be3 b5 8. g4 h6
9. Qd2 Nbd7 10. O-O-O Bb7 11. h4 b4 12. Na4 Qa5 13. b3 Nc5 14. a3 Nxa4 15. axb4
Qc7 16. bxa4 Nd7 17. Nb3 d5 18. Kb1 {The retreat of white knight from the
center is double edged, but white has clear plan of putting pressure along the
d file.} (18. Rh3 Rc8 19. Bd3 Be7 20. Kb1 Nb6 21. Bxb6 Qxb6 22. a5 Qxb4 23.
Qxb4 Bxb4 24. exd5 exd5 25. Bf5 Rc7 {0-1 Toma,K-Michalik,P/Frydek Mistek 2005/
(43)}) (18. b5 Qd6 19. Kb1 Qa3 20. Qc1 Qxa4 21. Rd4 Bb4 22. Qb2 a5 23. exd5 e5
24. Rd1 Rc8 25. c4 Nf6 26. Qa2 Nxd5 27. cxd5 Qxa2+ 28. Kxa2 Rc2+ 29. Kb1 Rc3
30. Rd3 {1-0 Stojanovski,D-Smirnov,P/Ohrid 2001/ (42)}) (18. Kb2 Rc8 (18...
dxe4 19. c4 Be7 20. c5 exf3 21. Qh2 Bf6+ 22. Bd4 Be5 23. Bxe5 Qxe5+ 24. Qxe5
Nxe5 25. Rd6 Ke7 26. Na5 {1-0 Zavoronkov,V-Kanep,M/Kilingi Nomme 2002/ (64)})
19. c3 Be7 20. exd5 Bxd5 21. Bxa6 O-O 22. c4 Bf6+ 23. Ka3 Ra8 24. Bb5 Bc6 25.
Qd6 Bxb5 26. cxb5 Qc2 {0-1 Cioara,A-Vorobiov,E/Pardubice 2001/ (26)}) 18... Rc8
(18... dxe4 $5 19. c4 (19. f4 Nf6 20. Be2 Nd5 21. Nc5 Rb8 $17) (19. Na5 Bd5 20.
f4 (20. c4 $2 Bxb4 21. Qxb4 Rb8 $19) 20... Rb8 21. b5 Bc5 22. Qc3 O-O $15) (19.
fxe4 Bxe4 20. Bg2 Bxb4 21. Qxd7+ Qxd7 22. Rxd7 Bxg2 23. Rhd1 Bf3 $19) (19. b5
exf3 20. b6 Qc8 21. Na5 Nf6 22. Nxb7 Qxb7 23. a5 $15) 19... exf3 20. a5 $15)
19. c4 $5 (19. exd5 Bxb4 20. Qe2 e5 $11) 19... dxc4 (19... dxe4 20. f4 $1 $36)
20. Bxc4 {[%mdl 4] Belov has rather pardoxically opened the c file and
threatens to play with a spare pawn.} Bxb4 (20... Ne5 21. Be2 Bc6 22. Bf4 Bxa4
23. Rc1 Qd8 24. Bxe5 Bxb3 25. Rxc8 Qxc8 26. Rc1 $18) (20... Be7 21. Be2 Rd8 22.
b5 $14) 21. Qxb4 (21. Qd4 $2 Ne5 $17) 21... Qxc4 22. Qxc4 (22. Qxb7 Rc7 23.
Qa8+ Rc8 24. Qb7 Rc7 25. Rxd7 Rxd7 26. Qb6 Rd6 27. Qxd6 Qxb3+ $11) 22... Rxc4
23. Rc1 $1 Ne5 (23... Rxa4 24. Rc7 Rb4 25. Ka2 Kd8 26. Rhc1 Ne5 27. Ka3 Rb5 28.
Nd4 Rb6 29. Bd2 Rb1 30. Ba5 $18) (23... Rb4 24. Kb2 Nb6 (24... f5 25. Ka3 Rxb3+
26. Kxb3 fxe4 27. Rc7 Bd5+ 28. Kb4 $16) 25. Bxb6 Rxb6 26. a5 $16) (23... Rxc1+
24. Rxc1 Ke7 25. Rc7 Rb8 26. Nc5 Bc6+ 27. Ka2 Kd6 28. Nxd7 Kxc7 29. Nxb8 Kxb8
30. a5 $14) 24. Rxc4 Nxc4 25. Bd4 O-O (25... e5 $2 26. Rc1 $18) 26. Rc1 Rc8 27.
Ka2 $1 {White keeps distinct advantage with better coordinated pieces and
active king ready to enter the fray.} (27. Nc5 $2 Nd2+ 28. Kb2 Nxf3 $17) 27...
f6 (27... Nd6 28. Nc5 Ba8 29. Rc3 $16) (27... Rc6 28. Nc5 e5 29. Rxc4 (29. Bf2
Nd2 30. Rc3 $14) 29... exd4 30. Kb3 Bc8 31. a5 Rd6 32. Kc2 $16) 28. Nc5 Na5 (
28... Nd2 29. Rc3 Rd8 30. Bxf6 gxf6 31. Nxb7 $16) 29. Rc3 Rc6 (29... e5 30. Be3
Rc7 31. h5 $16) 30. Ka3 e5 (30... Rd6 31. Be3 e5 32. Kb2 Bc8 33. Nb3 Nc6 34.
Bc5 $16) 31. Bxe5 $1 {Very nice small combination, black is unable to improve
the coordination of his forces.} Ba8 (31... fxe5 32. Kb4 Rxc5 33. Kxc5 Nc6 34.
Kb6 Nd8 35. Kc7 $18) 32. Kb4 Nb7 33. Nd7 $1 (33. Nxb7 Bxb7 34. Rxc6 Bxc6 35.
Bd4 $16) 33... Nd8 34. Bg3 a5+ 35. Kb3 h5 (35... Ne6 36. Bf2 Rxc3+ 37. Kxc3 Bc6
38. Nb6 $18) 36. gxh5 Ne6 37. Bf2 Kh7 38. Nb6 Bb7 39. Rxc6 Bxc6 40. Be3 {
Ehlvest will lose the a5 pawn on top of two others already missing.} (40. Be3
Be8 41. Nc4 Bxh5 42. f4 $18) 1-0

[Event "NED-ch57"]
[Site "Leeuwarden"]
[Date "2002.06.21"]
[Round "2"]
[White "Nijboer, Friso"]
[Black "Van Wely, Loek"]
[Result "0-1"]
[WhiteElo "2578"]
[BlackElo "2642"]
[Annotator "Ftacnik,L"]
[PlyCount "69"]
[EventDate "2002.06.20"]
[EventType "tourn"]
[EventRounds "9"]
[EventCountry "NED"]
[EventCategory "13"]
[SourceTitle "CBM 090"]
[Source "ChessBase"]
[SourceDate "2002.09.20"]
[SourceVersion "1"]
[SourceVersionDate "2002.09.20"]
[SourceQuality "1"]

1. e4 c5 2. Nf3 d6 3. d4 cxd4 4. Nxd4 Nf6 5. Nc3 a6 6. f3 e6 7. Be3 b5 8. g4 h6
9. Qd2 Nbd7 10. O-O-O Bb7 11. Bd3 Ne5 12. Rhe1 Rc8 13. Kb1 g5 14. h4 {It is
very difficult to break the set up with black's pawn on g5, sacrifice of the h
pawn is very risky for white.} (14. Qf2 Be7 15. h3 Ng6 16. Nb3 Nd7 17. Ne2 Nde5
18. Rf1 Nc4 19. Bd4 O-O 20. Bc3 Qb6 21. Na5 Qxf2 22. Rxf2 Nxa5 23. Bxa5 d5 24.
exd5 Bxd5 {0-1 Martinov,P-Gelfand,B/Sochi 1986/ (54)}) 14... gxh4 15. g5 hxg5 (
15... Nfd7 $5 16. gxh6 (16. f4 Nxd3 17. cxd3 hxg5 18. fxg5 Ne5 $17) 16... Nxd3
17. cxd3 Qf6 $17) 16. Bxg5 Be7 (16... h3 17. f4 Nxd3 18. Qxd3 Be7 19. Rh1 b4
20. Bxf6 Bxf6 21. Nce2 Qc7 $17) 17. f4 Nc4 (17... Nxd3 18. cxd3 h3 $17) 18.
Bxc4 (18. Qe2 h3 (18... Qb6 19. Nf5 exf5 20. exf5 Ne3 21. Qxe3 Qxe3 22. Rxe3
Kd7 23. Rxe7+ Kxe7 24. Re1+ Kf8 25. Bxf6 $16) 19. Bxc4 Rxc4 $17) 18... Rxc4 19.
Qd3 (19. e5 dxe5 20. fxe5 Nd5 21. Bxe7 Nxc3+ 22. Qxc3 Qxe7 $17) 19... h3 20.
Nxe6 $3 {[%mdl 128] Excellent attacking idea, Van Wely will have to play very
carefully in order to avoid all dangers.} (20. Rh1 h2 21. Qe2 Qb6 22. Rxh2 Rxh2
23. Qxh2 Rxd4 24. Qh8+ Kd7 25. Bxf6 Rxd1+ 26. Nxd1 Qg1 27. Kc1 Bxe4 $17) 20...
fxe6 21. e5 Nd5 (21... Ng8 22. Qg6+ Kf8 23. exd6 Bxg5 24. fxg5 Rf4 25. Rf1 (25.
d7 $6 Ne7 26. Qxe6 h2 27. Qd6 Rf7 28. Rxe7 Rxe7 29. Qf6+ Kg8 30. Qg6+ Rg7 31.
Qe8+ Kh7 $11) 25... Rhh4 26. Ne2 Rf3 27. Rxf3+ Bxf3 28. Rf1 $18) 22. exd6 Qxd6
(22... Nxc3+ $2 23. bxc3 Bxg5 24. Qg6+ Kf8 (24... Kd7 25. Qxe6+ Kc6 26. d7+ Kc7
27. Qd6#) 25. fxg5 Rf4 26. Rxe6 $18) (22... Bxg5 23. Nxd5 (23. Qg6+ Kf8 24.
fxg5 Nf4 25. Rf1 Bg2 $19) 23... Kd7 24. Nc7 Bxf4 25. Nxe6 Qf6 26. Nxf4 $16) 23.
Qg6+ Kd7 (23... Kf8 $2 24. Ne4 (24. Nxd5 Bxd5 25. Rxd5 Qxd5 26. Bxe7+ Kxe7 27.
Qg7+ Kd6 28. Qxh8 Rd4 $11) 24... Qc7 25. Bh6+ Rxh6 26. Qxh6+ Ke8 27. Qxe6 $18)
24. Bxe7 Qxe7 25. Nxd5 {More challenging for the defender seems the other
capture on d5, but it is such a paradoxal idea that Nijboer might have
neglected it in his calculations.} (25. Rxd5+ $1 Kc8 (25... Kc7 26. Rxe6 Qh7
27. Qf6 $18) (25... Bxd5 26. Nxd5 h2 (26... Qd6 27. Qg7+ Kc6 28. Ne7+ Kb6 29.
Qxh8 Qxe7 30. Qxh3 $18) 27. Nxe7 h1=Q 28. Qxe6+ Kc7 29. b3 $18) 26. Rxe6 Qf8
27. Rde5 Qxf4 28. Re8+ Rxe8 29. Rxe8+ Kc7 30. Qh7+ Kb6 31. Qxh3 $16) 25... Bxd5
26. Rxd5+ Kc7 27. f5 (27. Qg1 $1 Kb8 (27... Kb7 28. f5 Rc6 29. Qh1 Kc7 30. Rde5
Rh6 31. Qh2 $14) 28. Qb6+ Qb7 29. Qxe6 Rcc8 30. Rdd1 h2 31. Rh1 $14) 27... h2
28. Qg3+ (28. Rdd1 Rd4 29. Rc1 Rdh4 30. f6 Qf8 $11) 28... Kc8 29. Rdd1 Rch4 30.
f6 (30. Rh1 exf5 31. Qg6 R4h6 32. Qxf5+ $11) 30... Qc7 $1 (30... Qxf6 31. Qd6
h1=Q 32. Rxh1 Rxh1 33. Qc6+ Kb8 34. Qb6+ Kc8 35. Qc6+ $11) 31. Qf3 (31. Qa3 $2
h1=Q 32. Rxh1 Rxh1 33. Qxa6+ Kb8 34. Qxb5+ Qb7 35. Qe5+ Ka8 36. Qa5+ Qa7 $19)
31... Qb7 32. Qc3+ (32. Qxb7+ Kxb7 33. Rh1 Rf4 34. Kc1 Rxf6 35. Rd2 Rfh6 $19)
32... Rc4 33. Qe5 $2 {A sad finish of a fascinating game, white was still able
to hold balance with the correct move 33.Qd2.} (33. Qd2 Qd5 34. Qxd5 exd5 35.
c3 Rch4 36. Rh1 Kd7 37. Rdf1 $11) 33... h1=Q 34. Qxe6+ Kb8 35. Rxh1 (35. Rxh1
Rxh1 36. Qe5+ Rc7 37. Qe8+ Rc8 38. Qe5+ Ka8 $19) 0-1

[Event "HUN-ch 53rd"]
[Site "Heviz"]
[Date "2003.05.15"]
[Round "4"]
[White "Acs, Peter"]
[Black "Berkes, Ferenc"]
[Result "0-1"]
[WhiteElo "2600"]
[BlackElo "2578"]
[Annotator "Ftacnik,L"]
[PlyCount "52"]
[EventDate "2003.05.12"]
[EventType "tourn"]
[EventRounds "9"]
[EventCountry "HUN"]
[EventCategory "13"]
[SourceTitle "CBM 096"]
[Source "ChessBase"]
[SourceDate "2003.09.25"]
[SourceVersion "1"]
[SourceVersionDate "2003.09.25"]
[SourceQuality "1"]

1. e4 c5 2. Nf3 d6 3. d4 cxd4 4. Nxd4 Nf6 5. Nc3 a6 6. Be3 e6 7. Qd2 b5 8. f3
Bb7 9. g4 Nfd7 10. O-O-O Nb6 11. Kb1 N8d7 12. Qe1 {The merits of this unusual
move are not obvious, other ways to meet the threat of Nc4 are more advisable.}
(12. Qf2 Rc8 13. h4 (13. Nce2 Nc4 14. Bc1 b4 15. g5 Qb6 16. Qg3 e5 17. Nb3 a5
18. Na1 a4 19. Bh3 Rc7 {1/2-1/2 Chuprov,A-Predein,V/Kurgan 1993/ (66)}) 13...
Rxc3 14. bxc3 Na4 15. Bd2 Qc7 16. Qe1 d5 17. Bd3 Bd6 18. Rg1 O-O 19. g5 dxe4
20. Bxe4 Bxe4 21. Qxe4 Ne5 {1/2-1/2 Baramidze,D-Kohlweyer,B/Germany 2001/ (72)}
) (12. Bg5 Qc7 (12... Qc8 13. Qf2 b4 14. Nce2 d5 15. Ng3 Qc7 16. Bd3 Ne5 17.
Rhe1 Nxd3 18. Rxd3 Bc5 19. Nh5 O-O 20. Bf6 gxf6 21. Qd2 {1-0 Mulyar,M-Ashley,M/
Boston 2001/ (21)}) 13. Ndxb5 axb5 14. Nxb5 Qc5 15. b4 Qc6 16. Nxd6+ Bxd6 17.
Qxd6 Qxd6 18. Rxd6 {1-0 Costantini,R-Vismara,D/Estensi 2001/ (42)}) (12. h4 b4
13. Nce2 Nc4 14. Qc1 Nxe3 15. Qxe3 Qc7 16. g5 Rc8 17. Qd2 Be7 18. Bh3 g6 19.
Rc1 e5 20. Nb3 a5 21. c3 {1-0 Cardoso Garcia,S-Jaime Montalvan,L/Malaga 2002/ 
(43)}) 12... b4 13. Nce2 Be7 (13... d5 14. Ng3 Rc8 $13) 14. h4 d5 15. exd5 (15.
Bg2 O-O 16. h5 Nc4 $13) 15... Nxd5 16. Nf4 (16. Bf2 Rc8 17. h5 O-O $15) 16...
Nxe3 17. Qxe3 e5 18. Bc4 $2 {[%mdl 1024] It seems very logical to bring in the
last reserves, but this move costs material. Objectively 18.Nf5! with equal
position had to be preferred.} (18. Nde6 fxe6 19. Nxe6 Qb6 20. Nxg7+ Kf7 21.
Qe2 Rhd8 22. Nf5 Bc5 $19) (18. Nf5 $1 exf4 (18... O-O 19. Nh5 Bc5 20. Qb3 $14)
19. Nd6+ Kf8 20. Qxf4 Bxd6 (20... Nf6 21. g5 Qc7 22. gxf6 Bxf6 23. Bc4 $16) 21.
Qxd6+ Qe7 22. Qxd7 Bxf3 23. Qxe7+ Kxe7 24. Re1+ Kd6 25. Rg1 f6 $11) 18... exd4
$1 (18... exf4 19. Bxf7+ Kxf7 20. Qe6+ Kf8 (20... Ke8 21. Nf5 Kf8 22. Rxd7 $18)
21. Qf5+ Kg8 (21... Ke8 22. Ne6 Qc8 23. Nxg7+ Kd8 24. Ne6+ Ke8 25. Qh5#) 22.
Qe6+ Kf8 23. Qf5+ $11) 19. Bxf7+ (19. Rxd4 Qb6 20. Re1 O-O-O 21. Nd3 Rhe8 22.
Bxf7 Bc5 23. Bxe8 Bxd4 $19) 19... Kxf7 20. Rxd4 (20. Qb3+ Ke8 21. Ne6 Qb6 22.
Nxg7+ Kd8 23. Rxd4 Kc8 $19) 20... Qc7 21. Qb3+ (21. Qe6+ Ke8 22. Nh5 Nf6 23.
Nxg7+ Kf8 24. Nf5 Bc8 $19) 21... Ke8 22. Ne6 (22. Re1 Nc5 23. Qxb4 (23. Nd5
Bxd5 24. Qxd5 Rd8 $19) 23... Rd8 $19) 22... Qe5 23. Rhd1 {Sad necessity, but
black has two extra pieces and no real problems.} (23. f4 Qxd4 24. Nxd4 Bxh1
$19) 23... Nc5 24. Nxc5 Qxc5 25. Qe6 Rc8 26. Ka1 (26. Qd7+ Kf8 27. Rf4+ (27.
Qxb7 $2 Qxc2+ 28. Ka1 Qc1+) 27... Bf6 $19) 26... Qc6 0-1

[Event "NED-ch59"]
[Site "Leeuwarden"]
[Date "2004.07.01"]
[Round "2"]
[White "Stellwagen, Daniel"]
[Black "Bosboom, Manuel"]
[Result "1-0"]
[WhiteElo "2503"]
[BlackElo "2422"]
[Annotator "Ftacnik,L"]
[PlyCount "59"]
[EventDate "2004.06.30"]
[EventType "tourn"]
[EventRounds "9"]
[EventCountry "NED"]
[EventCategory "12"]
[SourceTitle "CBM 102"]
[Source "ChessBase"]
[SourceDate "2004.09.23"]
[SourceVersion "1"]
[SourceVersionDate "2004.09.23"]
[SourceQuality "1"]

1. e4 c5 2. Nf3 d6 3. d4 cxd4 4. Nxd4 Nf6 5. Nc3 a6 6. f3 e6 7. Be3 b5 8. Qd2
Bb7 9. O-O-O Nbd7 10. g4 h6 11. h4 b4 12. Na4 Qa5 13. b3 Rc8 14. Bh3 Nc5 {
Black could not have been happy about the result of the opening, so it makes
sense to look for the improvement. Two examples with alternative 14...Ne5!?
were much more encouraging.} (14... Ne5 $5 15. g5 Nfd7 (15... Nxf3 16. Nxf3
Nxe4 17. Qd3 Nc3 18. Bb6 Qd5 19. Qxd5 Bxd5 20. Rdf1 Ne2+ 21. Kd2 Ng3 {0-1
Fodor,I-Varga,C/Budapest 2001/ (26)}) 16. f4 Nc4 17. bxc4 Qxa4 18. g6 Nc5 19.
gxf7+ Kxf7 20. Rhg1 Bxe4 21. Nb3 Qa3+ 22. Kb1 Nxb3 {0-1 Vorobiov,E-Shipov,S/
Moscow 1999/ (30)}) 15. g5 Nxa4 (15... hxg5 16. hxg5 Nfxe4 17. fxe4 Nxe4 18.
Qe1 $1 Nc3 19. Nxc3 (19. Bg2 Rxh1 20. Bxh1 Bxh1 21. Qxh1 Nxd1 22. Kxd1 Qc7 (
22... g6 23. Qb7 Qc7 24. Qxa6 Bg7 25. c4 $16) 23. g6 e5 24. gxf7+ Qxf7 25. Qe4
$14) 19... Bxh1 20. Qxh1 bxc3 (20... Rxc3 21. g6 Rxe3 22. Qa8+ Kd7 23. gxf7 Qc5
24. Qe8+ Kc7 25. Bxe6 $16) 21. Kb1 g6 22. Qb7 Qc7 23. Bg2 $16) 16. bxa4 (16.
gxf6 $2 Nc3 $19) 16... hxg5 17. hxg5 Nd7 (17... Nh5 18. g6 fxg6 19. Nxe6 Rc6
20. Qg2 $18) 18. g6 $1 Rxh3 {This exchange sacrifice hopes to avoid the
immediate disaster on the fallen stronghold e6.} (18... fxg6 19. Nxe6 Qxa4 20.
Kb1 Ne5 21. Nc5 $1 dxc5 22. Bxc8 Rxh1 23. Qd8+ Kf7 24. Rxh1 $18) 19. gxf7+ Kxf7
20. Rxh3 Qxa4 21. Kb1 Ne5 (21... d5 22. Nb3 Ne5 23. Bc5 $1 $16) 22. Qh2 $1 {
[%mdl 128] Only this logical move is new and it becomes clear, that black is
in trouble with his exposed king.} (22. Bg5 Ke8 (22... Rc3 23. Qf4+ Ke8 (23...
Kg8 24. Rh8+ $1 Kxh8 25. Qxf8+ Kh7 26. Rh1+ Kg6 27. Rh6+ gxh6 28. Qxh6+ Kf7 29.
Qh7+ Kf8 30. Nxe6+ Ke8 31. Qe7#) 24. Rh8 Ng6 25. Qxd6 $18) 23. Qg2 Rc5 24. Nb3
Rc7 25. Bc1 Rf7 26. f4 Nc4 27. Qg6 {1-0 Medvegy,N-Nimtz,M/Bad Wiessee 2000/ 
(38)}) 22... Rc5 23. Qf4+ Ke8 (23... Ke7 24. Nf5+ exf5 25. Bxc5 Nc4 26. Bxd6+
Ke8 27. Rh8 Na3+ 28. Ka1 Nxc2+ 29. Kb2 $18) 24. Rh8 Ng6 25. Qxd6 Nxh8 26. Qxe6+
Be7 (26... Kd8 27. Nb5+ $1 Bd5 28. Rxd5+ Rxd5 29. Bb6#) 27. Qg8+ Bf8 (27... Kd7
28. Nb3+ Rd5 29. exd5 $18) 28. Nb3 {Illustrative position, black is a piece up
but the coordination of his forces is extremely poor.} Rh5 (28... Re5 29. Bf4
Re7 30. Qxh8 $18) (28... Rxc2 29. Qe6+ Be7 30. Kxc2 Qxa2+ 31. Kc1 $18) 29. Qe6+
Be7 30. Bc5 (30. Bc5 Rxc5 31. Nxc5 Qc6 32. Qg8+ Bf8 33. Ne6 Ng6 34. Nxg7+ Ke7
35. Nf5+ Kf6 36. Rg1 $18) 1-0

[Event "Taiyuan 4th"]
[Site "Taiyuan"]
[Date "2007.07.12"]
[Round "7"]
[White "Zhang, Pengxiang"]
[Black "Balogh, Csaba"]
[Result "0-1"]
[WhiteElo "2649"]
[BlackElo "2567"]
[Annotator "Ftacnik,L"]
[PlyCount "58"]
[EventDate "2007.07.04"]
[EventType "schev"]
[EventRounds "8"]
[EventCountry "CHN"]
[SourceTitle "CBM 119"]
[Source "ChessBase"]
[SourceDate "2007.08.01"]
[SourceVersion "1"]
[SourceVersionDate "2007.08.01"]
[SourceQuality "1"]

1. e4 c5 2. Nf3 d6 3. d4 cxd4 4. Nxd4 Nf6 5. Nc3 Nc6 6. f3 e6 7. Be3 Be7 8. Qd2
O-O 9. O-O-O d5 10. Qe1 e5 11. Nxc6 bxc6 12. exd5 cxd5 13. Bg5 Be6 14. Qxe5 {
Very often accepting sacrifices of this kind is tied to great risk and very
few games exist for this variation.} Qa5 (14... Qb6 15. Be3 Qb4 16. Bd4 Rfc8
17. Bd3 Bd6 18. Qe3 Rab8 19. Ne2 Nd7 20. Nf4 Bc5 21. Nxe6 Qxb2+ 22. Bxb2 Bxe3+
23. Kb1 fxe6 $15 {1/2 Perez Garcia,R (2423)-Muhren,B (2282)/Gent 2004/ (31)})
15. Bc4 $2 (15. Nxd5 Nxd5 16. Bxe7 Rfc8 17. Bd3 Qxa2 18. Ba3 a5 19. Kd2 Nb4 20.
Bxb4 axb4 21. Ra1 Qxa1 22. Rxa1 Rxa1 23. f4 $14 {0-1 Pinol Fulgoni,F (2210)
-Antal,G (2475)/Barcelona 2003/ (33)}) 15... Nd7 $1 16. Qg3 Bxg5+ 17. Qxg5 h6
18. Rxd5 {The strange mistake in 15th move has put White on the brink of
disaster. Tactics suddenly fail White and he will have to fight on without the
piece.} (18. Qh5 g6 19. Qxh6 dxc4 20. h4 Qh5 $17) 18... Qxc3 $1 (18... hxg5 19.
Rxa5 Bxc4 20. Rd1 Be6 21. Rxg5 $15) 19. Qf4 (19. bxc3 hxg5 20. Rd4 Bxc4 21.
Rxc4 Nb6 $19) 19... Qb4 (19... Qf6 20. Qxf6 Nxf6 21. Rc5 Bxc4 22. Rxc4 Rae8 $17
) 20. Rd4 Bxc4 21. Rxc4 Qa5 22. Ra4 (22. a3 Rfe8 23. Rd1 Ne5 $19) 22... Qb6 23.
Rd1 (23. Rb4 Qe6 $19) 23... Nc5 {Two pawns are no match for the mobile knight.
Black did not have to pay any positional price.} 24. Rb4 Ne6 25. Qd2 (25. Rxb6
Nxf4 26. Ra6 Nxg2 27. Rd7 Ne1 28. Raxa7 Rxa7 29. Rxa7 Nxf3 $19) 25... Qa5 26.
a3 Rfd8 27. Qe3 Rxd1+ 28. Kxd1 Qd5+ 29. Kc1 Qa2 (29... Qa2 30. c3 a5 31. Rb6
Rd8 $19) 0-1

[Event "HUN-ch 53rd"]
[Site "Heviz"]
[Date "2003.05.17"]
[Round "6"]
[White "Almasi, Zoltan"]
[Black "Berkes, Ferenc"]
[Result "1-0"]
[WhiteElo "2676"]
[BlackElo "2578"]
[Annotator "Ftacnik,L"]
[PlyCount "57"]
[EventDate "2003.05.12"]
[EventType "tourn"]
[EventRounds "9"]
[EventCountry "HUN"]
[EventCategory "13"]
[SourceTitle "CBM 096"]
[Source "ChessBase"]
[SourceDate "2003.09.25"]
[SourceVersion "1"]
[SourceVersionDate "2003.09.25"]
[SourceQuality "1"]

1. e4 c5 2. Nf3 d6 3. d4 cxd4 4. Nxd4 Nf6 5. Nc3 a6 6. f3 e6 7. Be3 b5 8. g4
Nfd7 9. Qd2 Nb6 10. O-O-O N8d7 11. Ndxb5 axb5 12. Nxb5 Ba6 13. Nxd6+ Bxd6 14.
Qxd6 Nc4 15. Bxc4 Bxc4 16. Qd4 $146 {[%mdl 8] Novelty in a fascinating
variation, that was so far working fine for white with 16.a3.} (16. a3 Be2 (
16... e5 17. Rd2 Be6 (17... Ra6 18. Qb4 Qc7 19. Rhd1 Be6 20. g5 Rc6 21. b3 Rc3
22. Bb6 Qc8 {0-1 Borisek,J-Berkes,F/Balatonlelle 2003/ (44)}) 18. Rhd1 g5 19.
Qc6 Rc8 20. Qb5 Rg8 21. Rd3 Rg6 22. a4 Qc7 23. Rc3 Bc4 24. Rxc4 Qxc4 25. Qxd7+
{1-0 Atalik,S-Wojtkiewicz,A/San Francisco 2002/ (28)}) 17. Rd2 Bxf3 18. Rf1
Bxe4 19. Rfd1 (19. Qd4 Nf6 20. Rxf6 Qxf6 21. Qxe4 O-O 22. Bd4 {1-0 Farakhov,
R-Panarin,M/Essentuki 2003/ (53)}) (19. Bg5 f6 20. Qxe6+ Qe7 21. Qxe7+ Kxe7 22.
Re2 Nc5 23. Bd2 {1/2-1/2 Lutz,C-Gelfand,B/Budapest 2003/ (28)}) 19... Bd5 20.
Rxd5 exd5 21. Re1 Ne5 22. Qxe5+ Kf8 23. Bd4 f6 24. Qe6 Rc8 25. Bb6 {1-0
Goloshchapov,A-Aroshidze,L/Batumi 2002/ (25)}) (16. Rd4 Be2 17. a4 e5 18. Rb4
Qe7 19. Qxe7+ Kxe7 20. f4 exf4 21. Bxf4 Bxg4 22. Rg1 h5 23. b3 Rhc8 24. Kb2 {
1-0 Nakamura,H-Wojtkiewicz,A/New York 2003/ (47)}) 16... Rxa2 17. Kb1 (17. Qxc4
Ra1+ 18. Kd2 Ne5+ 19. Ke2 (19. Kc3 Rxd1 $19) 19... Rxd1 20. Qb5+ Rd7 (20... Qd7
21. Qb8+ Ke7 22. Qxe5 Rxh1 23. Bc5+ Ke8 24. Qb8+ Qd8 25. Qb5+ Qd7 26. Qb8+ $11)
21. Qxe5 O-O 22. c4 $11) 17... Ra8 (17... Qc8 18. Qxg7 Rf8 19. Rxd7 $1 Kxd7 (
19... Qxd7 20. Bc5 Rxb2+ 21. Qxb2 $18) 20. Rd1+ Kc6 21. b3 $16) 18. Qxg7 (18.
Qxc4 Qa5 19. Kc1 O-O 20. Qc3 Qxc3 21. bxc3 Ne5 22. Kd2 Nxf3+ 23. Ke2 Ne5 $11)
18... Rf8 19. Bc5 Qc7 {Berkes is afraid of playing for more with the
aggressive move 19...Qa5!?} (19... Nxc5 20. Rxd8+ Rxd8 21. Qc3 $18) (19... Qa5
$5 20. Ba3 Be2 21. Rxd7 (21. Rd6 Qe5 (21... Bxf3 22. Rxe6+ Kd8 23. Rd6 $40) 22.
Qxe5 Nxe5 $17) 21... Kxd7 22. Qd4+ Kc7 23. Qd6+ Kb7 24. Qd7+ Qc7 25. Qd2 Rxa3
26. Qb4+ Qb6 27. Qxa3 Rc8 $15) 20. Bd6 (20. Bxf8 Nxf8 21. Qc3 Qa7 22. b3 Be2
23. Rd4 Qa2+ 24. Kc1 Bxf3 25. Re1 $11) 20... Qb6 (20... Qa5 $1) 21. Qc3 Rc8 (
21... Qa6 22. Ba3 f6 23. Rd6 Qa4 24. Rhd1 $16) 22. Qd2 Rg8 23. Ba3 Ne5 (23...
Qc7 24. Qb4 Qd8 25. Rd2 $13) (23... Qb7 24. Qh6 Nf8 $13) 24. Qf4 $6 {The rest
of the game is marred by the several poor moves by both sides.} (24. f4 $1 Be2
(24... Bd3 25. cxd3 Nxg4 26. Rc1 $18) 25. Qxe2 Nc4 26. Ka1 (26. Rd3 Rb8 27. Rb3
Nxa3+ 28. bxa3 Qd6 29. f5 Rxb3+ 30. cxb3 Qxa3 31. Qb5+ $16) 26... Nxa3 27. bxa3
Rc3 28. Rd3 Qa5 29. Rxc3 Qxc3+ 30. Ka2 Rxg4 31. Rb1 $16) 24... Ng6 25. Qf6 Qb5
(25... Be2 26. Rd6 Qc7 27. Rd2 Bb5 28. Rhd1 $13) 26. Qd4 $2 (26. Rd2 $1 Qe5 27.
g5 Qxf6 28. gxf6 Rd8 $13) 26... Be2 $1 27. Rd2 Bxf3 28. Rg1 (28. Rc1 Bxg4 $19)
28... Qc4 $4 (28... Qc6 29. e5 Qb5 $19) 29. Qd7# 1-0